MARC
| LEADER | 00000 a a2200000 04500 | ||
|---|---|---|---|
| 001 | 31868 | ||
| 003 | |||
| 040 | |||
| 020 | |a 987-1183-15-1 | ||
| 090 | |a 200403 | ||
| 100 | |a Dávalos, Pablo | ||
| 245 | |a Pueblos Indígenas, estado y democracia / |c Pablo Dávalos | ||
| 260 | |a Buenos Aires: |b CLACSO | ||
| 300 | |a 356 p. | ||
| 650 | |a POBLACION INDIGENA | ||
| 650 | |a MIGRANTES | ||
| 650 | |a IDENTIDAD CULTURAL | ||
| 650 | |a CULTURA TRADICIONAL | ||
| 650 | |a INTEGRACION SOCIAL | ||
| 650 | |a PRACTICA RELIGIOSA | ||
| 650 | |a TRABAJADORES MIGRATORIOS | ||
| 650 | |a REMESAS | ||
| 650 | |a INGRESO DE CAPITALES | ||
| 650 | |a INGRESO DE HOGARES | ||
| 700 | |a comp. |a Macas, Luis |a Díaz Polanco, Héctor |a Toledo Llancaqueo, Víctor |a Kropff, Laura |a Andolina, Robert |a Radcliffe, Sarah |a Laurie, Nina |a Melesio, Peter |a Ticona Alejo, Esteban |a Simbaña, Floresmilo, Peña Francisco |a Burguete Cal y Mayor, Araceli | ||
| 999 | |c 14495 |d 14495 | ||



